<?xml version="1.0" encoding="UTF-8"?>
<marc:record xmlns:marc="http://www.loc.gov/MARC21/slim">
   <marc:leader>00000nam a2200000 a 4500</marc:leader>
   <marc:datafield ind1="1" ind2=" " tag="100">
      <marc:subfield code="a">HABA</marc:subfield>
      <marc:subfield code="4">aut</marc:subfield>
      <marc:subfield code="e">Verfasser/-in</marc:subfield>
   </marc:datafield>
   <marc:datafield ind1=" " ind2=" " tag="653">
      <marc:subfield code="a">Farben</marc:subfield>
   </marc:datafield>
   <marc:datafield ind1="0" ind2="0" tag="245">
      <marc:subfield code="a">Klecks - Kennst du die Farben</marc:subfield>
   </marc:datafield>
   <marc:datafield ind1="0" ind2="0" tag="245">
      <marc:subfield code="b">Lernspiel</marc:subfield>
   </marc:datafield>
   <marc:datafield ind1="0" ind2="0" tag="245">
      <marc:subfield code="c">HABA</marc:subfield>
   </marc:datafield>
   <marc:datafield ind1=" " ind2="1" tag="264">
      <marc:subfield code="a">Bad Rodach</marc:subfield>
      <marc:subfield code="b">Haba</marc:subfield>
   </marc:datafield>
   <marc:datafield ind1="1" ind2=" " tag="520">
      <marc:subfield code="a">Klecks - Kennst du die Farben?&#xD;
&#xD;
Klecks, das Zebra, möchte die Welt bunter machen, greift aber ständig nach der falschen Farbe! Wer kann Klecks helfen und weiß, welche Farben auf der anderen Seite der Karten zu sehen sind? Ein kunterbuntes LernSpiel für 2 - 6 Kindervon 3 bis 6 Jahren rund ums Unterscheiden und Zuordnen der Farben.&#xD;
&#xD;
Spielidee: Thomas Daum&#xD;
Illustration: Clara Suetens&#xD;
&#xD;
Spielinhalt:&#xD;
1 Zebrastab, 30 Karten, 1 Spielanleitung.&#xD;
&#xD;
Tipps und Besonderheiten:&#xD;
&#xD;
    mit schwieriger Variante&#xD;
    spielerisch üben die Kinder Farben zu unterscheiden und zuzuordnen.</marc:subfield>
   </marc:datafield>
   <marc:datafield ind1="3" ind2=" " tag="024">
      <marc:subfield code="a">4010168045948</marc:subfield>
   </marc:datafield>
   <marc:datafield ind1=" " ind2=" " tag="041">
      <marc:subfield code="a">ger</marc:subfield>
   </marc:datafield>
   <marc:datafield ind1="1" ind2=" " tag="521">
      <marc:subfield code="a">ab 3 Jahren</marc:subfield>
   </marc:datafield>
   <marc:datafield ind1=" " ind2=" " tag="338">
      <marc:subfield code="a">Gegenstand</marc:subfield>
   </marc:datafield>
   <marc:datafield ind1=" " ind2=" " tag="300">
      <marc:subfield code="a">1 Spiel (1 Zebrastab, 30 Karten, 1 Spielanleitung)</marc:subfield>
   </marc:datafield>
</marc:record>
